000 00591nam a2200193Ii 4500
003 JO-AjNU
008 230605s9999||||xx |||||||||||||| ||und||
040 _aJO-AjNU
_bara
_erda
_cJO-AjNU
041 _aara
050 1 4 _aTX560.H7.A2822
100 3 _aبن محمد، ابراهيم ,
_eauthor
_915882
245 0 0 _aالتداوي بعسل النحل
264 3 1 _aبيروت: دار التربية، د.ت
300 _a76ص
336 _atext
_btxt
_2rdacontent
337 _aunmediated
_bn
_2rdamedia
338 _avolume
_bnc
_2rdacarrier
650 4 _aالتداوي بالعسل
_915883
999 _aA4587
_c8155
_d8155